000 01157nam a22002537a 4500
005 20170124103021.0
010 _aA-358514
020 _c00.00
035 _aA-358514
037 _bCen Lib/Ret
040 _aDPL
_bHN
082 _a824.08
_bगतिऔ
245 _aगति और रेखा :
_cसम्पादक विद्या निवास मिश्र
_bयात्रा, रेखाचित्र एवं संस्मरण /
246 _aGati aur rekha : yatra , rekhachitra evam sansmaran
_bsampadak Vidya Nivas Mishar
260 _aदिल्ली
_bनेशनल बुक ट्रस्ट
_c1987
270 _aए -5,ग्रीन पार्क
_bदिल्ली
_e110016
300 _axi,132पृष्ठ.
_c20सेमी(सजिल्द)
650 _aहिंदी साहित्य
_960602
650 _aहिंदी ललित निबंध
_92437
650 _aHindi literature
_960603
650 _aHindi lyric essay
_960604
700 _a मिश्र, विद्या निवास
_96739
942 _2ddc
_cHN
_h824.08
_mगतिऔ
999 _c115255
_d115255